000 00525cam a2200193 4500
001 D3422
008 090401t1976 xxu||||| |||| 00| 0 eng d
035 _a(Sirsi) u98096
041 _aeng
050 _a624.05
100 _aElliott, D.A.
245 _aEstimating for civil engineering works: some typical problems for the building estimator
260 _aAscot
_bInstitute of Building
_c1976
300 _a6p. 30cm
350 _a0
490 _aEstimating Information Service
_v21
942 _n0
948 _c04/03/1997
999 _c99082
_d99082